000 01632cam a2200373 i 4500
001 1163926
003 EG-ScBUE
005 20240821142729.0
008 961031t1997 nyuak f bf 001 0 eng d
020 _a0780311361
020 _a9780780311367
040 _aDLC
_beng
_erda
_cDLC
_dDLC
_dEG-ScBUE
043 _an-cn---
_an-us---
082 0 4 _a507.11
_222
_bREI
100 1 _aReis, Richard M.,
_d1941-
_eauthor.
_935744
245 1 0 _aTomorrow's professor :
_bpreparing for academic careers in science and engineering /
_cRichard M. Reis, Stanford University ; sponsor IEEE Education Society.
264 1 _aNew York :
_bIEEE ;
_bWiley Interscience,
_c[1997]
264 4 _cc1997
300 _axix, 416 pages :
_bforms, tables ;
_c23 cm
336 _2rdacontent
_atext
_btxt
337 _aunmediated
_2rdamedia
_bn
338 _avolume
_bnc
_2rdacarrier
504 _aIncludes bibliographical references and index.
650 7 _aScience
_xVocational guidance
_zUnited States
_vHandbooks, manuals, etc.
_2BUEsh
_935745
650 7 _aScience
_xVocational guidance
_zCanada
_vHandbooks, manuals, etc.
_2BUEsh
_935747
650 7 _aEngineers
_xVocational guidance
_zUnited States
_vHandbooks, manuals, etc.
_2BUEsh
_935748
650 7 _aEngineers
_xVocational guidance
_zCanada
_vHandbooks, manuals, etc.
_2BUEsh
_935749
650 7 _aCollege teachers
_xVocational guidance
_vHandbooks, manuals, etc.
_2BUEsh
_935750
650 7 _aCollege teaching
_xVocational guidance
_vHandbooks, manuals, etc.
_2BUEsh
_935751
653 _bENGGEN
_cMarch2014
655 _vReading book
_934232
710 2 _aIEEE Education Group,
_esponser.
_935752
942 _2ddc
_cBB
999 _c18145
_d18117